000 00330 a2200145 4500
001 75134
020 _a9788574165653
040 _cAnchieta - Colégio São Paulo
240 1 0 _aGrécia : Arte na idade antiga
_lpor
245 1 0 _aGrécia : Arte na idade antiga
300 _a63
362 0 _a2011
650 4 _aArtes
942 _cBK
999 _c75134
_d75134